000 00242nam a2200109Ia 4500
008 190216s9999||||xx |||||||||||||| ||und||
100 _aGamon &eleveland
245 0 _aPhysics
260 _bPrentice Hall
650 _aPhysics
942 _cBK
999 _c32691
_d32691